[Event "Motor City Open"]
[Site "Warren, MI"]
[Date "2002.12.01"]
[Round "7.21"]
[White "Taliaferro I, Robert"]
[Black "Zaremba, Anatoli"]
[Result "1-0"]
[WhiteElo "1533"]
[BlackElo "1137"]
[PlyCount "67"]
[EventDate "2002.11.29"]

1. d4 d5 2. c4 e6 3. Nc3 Nf6 4. Bg5 Be7 5. e3 Nbd7 6. cxd5 Nxd5 7. Bxe7 Nxe7 8.
e4 Nb6 9. g3 Nc6 10. Nf3 O-O 11. Bg2 f6 12. O-O Ne7 13. Qb3 c6 14. Bh3 f5 15.
Ng5 Rf6 16. exf5 Nxf5 17. Bxf5 Rxf5 18. Nxe6 Bxe6 19. Qxe6+ Rf7 20. Rad1 Qd7
21. Rfe1 Qxe6 22. Rxe6 Rd8 23. Ne4 Rfd7 24. Ng5 h6 25. Nf3 Nc4 26. b3 Rd6 27.
Re7 Nb6 28. Rxb7 c5 29. Rxa7 cxd4 30. Ra6 d3 31. Ne5 Rd5 32. Nc6 Re8 33. Rxb6
d2 34. Rb8 1-0

[Event "Motor City Open"]
[Site "Warren, MI"]
[Date "2002.12.01"]
[Round "6.33"]
[White "Sturgis, Derreck"]
[Black "Speight, Timothy"]
[Result "0-1"]
[WhiteElo "1090"]
[BlackElo "1107"]
[Annotator "Tim McGrew"]
[PlyCount "132"]
[EventDate "2002.11.29"]

1. e4 c5 2. Nf3 Nc6 3. c3 e6 4. g3 a6 5. Bg2 d6 6. O-O Nf6 7. d3 Be7 8. Nbd2
O-O 9. Re1 Qc7 10. d4 cxd4 11. cxd4 Nb4 12. e5 dxe5 13. dxe5 Nfd5 14. Nd4 Bc5
15. N2b3 Ba7 16. a3 Nc6 17. Bh6 Nce7 18. Rc1 Qd7 19. Bxg7 Kxg7 20. Qg4+ Ng6 21.
h4 f6 22. exf6+ Nxf6 23. Nxe6+ Qxe6 24. Qxe6 Bxe6 25. Rxe6 Rab8 26. Rc7+ Rf7
27. Rxf7+ Kxf7 28. Rd6 Re8 29. Bd5+ Kg7 30. Kf1 Nxd5 31. Rxd5 Rf8 32. Nd4 Bxd4
33. Rxd4 Rf7 34. f4 Kh6 35. Kg2 Kg7 36. Rd2 Ne7 37. Rf2 h5 38. Kh3 Kg6 39. g4
hxg4+ 40. Kxg4 Ng8 41. f5+ Kf6 42. Kf4 Rh7 43. Kg3 Ne7 44. Kg4 Nc6 45. h5 Nd4
46. Rd2 Rg7+ 47. Kf4 Nxf5 48. Rh2 Nh6 49. Rh4 Ke6 50. Ke4 Rf7 51. Rf4 Rxf4+ 52.
Kxf4 Ng8 53. Kg5 Kf7 54. h6 {DIAGRAM Black to Move. If the pawn could advance
just one more square Black would be unable to do more than draw.} Nxh6 $1 {A
very good decision, trading down into a clearly won pawn ending.} 55. Kxh6 {It
takes Black five moves to grab White's b-pawn; White takes five moves to get
to c1 defending it. Since it is Black's turn, he must win.} Ke6 56. Kg5 Kd5 57.
Kf5 b5 58. b3 Kd4 59. Ke6 Kc3 60. a4 b4 61. Kd5 Kxb3 62. a5 Ka4 63. Kc5 Kxa5
64. Kc4 Ka4 65. Kd3 Kb3 66. Kd2 Ka2 0-1

[Event "Motor City Open"]
[Site "Warren, MI"]
[Date "2002.12.01"]
[Round "7.9"]
[White "Samuel, Roland"]
[Black "Bailey, Greg"]
[Result "1-0"]
[WhiteElo "1339"]
[BlackElo "1956"]
[Annotator "Tim McGrew"]
[PlyCount "57"]
[EventDate "2002.11.29"]

{French: Advance (Euwe)} 1. e4 e6 2. d4 d5 3. e5 c5 4. c3 Bd7 5. Nf3 Nc6 6. Be3
{Until I came to annotate this game, I wasn't even aware that this move had
been played at master level! Julian Hodgson tried it against Stefan Kindermann
in a Swiss tournament in 1995 and drew. It bears resemblance to Viktor
Kupreichik's line, but normally Kupreichik plays Be3 a move earlier to avoid 5.
..Qb6, after which the threat to the pawn at b2 prevents the Be3 maneuver.} c4
$2 {Positionally, this is the beginning of Black's problems. It is all very
well to play ...c4 once White has played a3: then there is a hole at b3 for
Black to aim at. But until White plays a3, Black should keep the tension in
the center with moves like ...Qb6, ...Rc8, and perhaps even ...Nh6-f5.} 7. Be2
b5 8. O-O a5 9. Nfd2 b4 {Black rushes forward as fast as he can.} 10. f4 $5 {
White realizes that to get play he must aim for f5, a much more dangerous
break than Black's ...b4 since A) White has a rook behind his push, and B)
Black's king is in the neighborhood, whereas White's is not on the queen-side.}
g6 11. g4 $5 f5 {After this, Black has no dynamic chances and his long-term
weaknesses doom him.} ({The right way to meet White's rush is with prompt
counter-action, e.g.} 11... h5 12. gxh5 gxh5 {since now} 13. Bxh5 $4 {is
unplayable due to} Qh4 {and the mate threat on h2 picks up a piece for Black.})
12. gxf5 exf5 $2 {Now White can turn his attention to the weak pawn at d5.} ({
Crazy as it looks, I think Black should have seriously considered} 12... Nge7
$5 13. fxe6 (13. f6 Nf5 {and the knight is hard to dislodge}) 13... Bxe6 {The
White pawns are blockaded and Black has a bit more breathing room than in the
game. Of course, it's easy to say this from thesidelines!}) 13. Bf3 Nge7 14.
Qe2 $1 {Intending to shift the queen to g2. Do we detect here the influence of
Richard Reti?} Be6 15. Qg2 Qb6 16. Re1 Qb5 17. a4 bxa3 18. Nxa3 Qxb2 ({This
pawn is well and truly poisoned, though Black's position isn't too hot after} 
18... Qb7 {either.}) 19. Naxc4 $1 Qxc3 20. Nd6+ ({It is a little more accurate
to play first} 20. Rec1 $1 Qb4 21. Rcb1 Qc3 22. Ra3 Qc2 {and only now} 23. Nd6+
Kd7 24. Bd1 {trapping the queen.}) 20... Kd7 21. Rac1 Qd3 22. Nb7 {Forks
galore!} Nc8 23. Bxd5 Nxd4 24. Bxe6+ Kxe6 25. Nd8+ $1 {Most accurate. White is
vacuuming up material without giving Black any glimmer of counterplay.} Ke7 26.
Qxa8 Nb6 27. Rc7+ Ke8 28. Qb8 Nd5 29. Nc6# {A very impressive 600+ point upset.
Roland also won a nice endgame against Trajce Kaminski (1800) in this
tournament. Keep your eye on thatlad!} 1-0

[Event "Motor City Open"]
[Site "Warren, MI"]
[Date "2002.12.01"]
[Round "6.16"]
[White "Raban, David"]
[Black "Winowski, Joe"]
[Result "1-0"]
[WhiteElo "1668"]
[BlackElo "1431"]
[PlyCount "29"]
[EventDate "2002.11.29"]

1. d4 Nf6 2. c4 e6 3. Nf3 b6 4. a3 Bb7 5. Nc3 c5 6. d5 exd5 7. cxd5 d6 8. e4
Nbd7 9. Bd3 g6 10. O-O Bg7 11. Bf4 Qe7 12. Nb5 Ne5 13. Nxd6+ Qxd6 14. Nxe5 Nxe4
15. Bb5+ 1-0

[Event "Motor City Open"]
[Site "Warren, MI"]
[Date "2002.12.01"]
[Round "7.8"]
[White "Raban, David"]
[Black "Gabbara, Faris"]
[Result "1-0"]
[WhiteElo "1668"]
[BlackElo "2051"]
[Annotator "Tim McGrew"]
[PlyCount "75"]
[EventDate "2002.11.29"]

{Queen's Gambit Accepted: Saduleto} 1. d4 d5 2. c4 dxc4 3. e4 {I have often
thought that this would be the principled way to play the Queen's Gambit
Accepted for White. No delicate IQP positions: White wants space, and he wants
it now!} e5 4. Nf3 exd4 5. Bxc4 Nc6 6. O-O Be6 $5 {This is a sharp line
designed to mix things up early. Black is willing to give up his b-pawn in
order to reduce White's immediate pressure and get castled.} 7. Bxe6 fxe6 8.
Qb3 Qd7 9. Qxb7 Rb8 10. Qa6 Nf6 11. Nbd2 Be7 {Only here do we leave known
theory. Black's bishop does not look very impressive on e7, and the course of
this game tends to confirm the impression that it would have been better off
somewhere else.} (11... Bd6 {This is the way Rublevsky likes to handle the
position, though he has suffered some reverses with it against Pelletier and
Dreev. Black's idea is to castle king-side and then control the strong point
e5 with the maneuver ...Ng4-e5.}) (11... Bb4 {Anand's move, and probably best.
Black intends to take on d2 and recover the pawn at b2.} 12. Qd3 Bxd2 13. Bxd2
Rxb2 14. Rac1 Qd6 15. Qc4 Ne5 16. Nxe5 Qxe5 17. Qxc7 Qxc7 18. Rxc7 O-O {and
Black is winning material, van Wely - Anand, Melody Amber 1999.}) 12. a3 O-O
13. b4 Rb6 14. Qd3 Ng4 15. Bb2 Bf6 16. Nb3 e5 $2 {Positionally suspect.
Black's pieces need the e5 square. The stabilization of the pawn on d4 is not
worth the loss in piece coordination.} 17. h3 Nh6 18. Nc5 Qd6 19. Rac1 (19.
Rac1 -- {White's game plays itself. Already he has threats like} 20. Na4 {
winning the exchange since the knight on c6 is vulnerable.} Rbb8 21. Qc4+)
19... Rfb8 20. Nd2 {Heading for c4, which (as it turns out) is crushing.} (20.
Na4 {is also reasonable and wins material right away.}) 20... Nxb4 {Black
sense s that the game is heading south, so he tries to complicate in the only
way left available.} (20... Bg5 21. Nc4 Qg6 22. Nxb6 $1 Bxc1 23. Rxc1 cxb6 24.
Na6 Rc8 25. b5 Ne7 26. Rxc8+ Nxc8 27. Qc4+ $18) 21. axb4 Rxb4 22. Ba3 $1 {The
most accurate response. Black's rooks suffer from a deplorable lack of squares
now.} R4b5 23. Rb1 a6 24. Nc4 Qc6 25. Na5 $1 Qe8 26. Nxa6 $1 {Everything is
very ugly now.} Rxb1 27. Rxb1 Rxb1+ 28. Qxb1 Kf7 29. Nxc7 Qd8 30. Qb3+ Kg6 31.
Nd5 $2 {A momentary lapse. White must have had an optical illusion here.} (31.
Ne6 Qxa5 32. Nf8+ Kg5 33. Bc1+ Kh4 34. Qg3+ Kh5 35. Qf3+ Kh4 36. g3+ Kxh3 37.
Qh5+ Bh4 38. Qxh4#) 31... Bh4 $2 {Apparently Black had the same one! The
Knight on a5 can be taken:} (31... Qxa5 $1 32. Qg3+ Kf7 33. Qf3 Qa6 {makes it
more complicated for White.}) 32. Nc4 Nf7 33. Qf3 Kh6 34. Bc1+ Bg5 35. Bxg5+
Nxg5 36. Qg3 Qa5 37. Qh4+ Kg6 38. Nxe5# {A most attractive mate!} 1-0

[Event "Motor City Open"]
[Site "Warren, MI"]
[Date "2002.12.01"]
[Round "6.5"]
[White "O'Donnell, Robert"]
[Black "Davidovich, Manis"]
[Result "0-1"]
[WhiteElo "2165"]
[BlackElo "2000"]
[Annotator "Tim McGrew"]
[PlyCount "80"]
[EventDate "2002.11.29"]

{King's Indian: Classical (Gligoric)} 1. d4 Nf6 2. c4 g6 3. Nc3 Bg7 4. e4 d6 5.
Nf3 O-O 6. Be2 e5 7. Be3 ({If White wants to "lean" on Black while taking few
risks, I think a better choice is the Exchange Variation with} 7. dxe5 dxe5 8.
Qxd8 Rxd8 9. Bg5 {Black is fine in theory, but many players adopt the King's
Indian because they want a sharp game with high stakes, and that isn't going
to happen in this line. Hands on your hearts, King's Indian fanatics: don't
you hope secretly that your opponents won't play this way?}) 7... exd4 8. Nxd4
Re8 9. f3 c6 {Telegraphing his next move. Largely as a result of the plan
adopted here by Davidovich that White's 7.Be3 has dropped in popularity.} 10.
Qd2 d5 $1 {Instead of messing around with heavy maneuvers, Black cuts through
the theoretical problems with a sharp pawn thrust. White's pieces are very
much arrayed for a slow-moving battle, and Black's idea takes advantage of the
opportunity to open the center while White is still uncastled and Black's
heavy pieces enjoy open central files.} 11. exd5 cxd5 12. O-O dxc4 ({It may be
slightly more accurate to throw in} 12... Nc6 13. Rad1 Nxd4 14. Bxd4 dxc4 15.
Bxc4 Be6 16. Bb5 Rf8 17. Qf2 Qa5 {and White has nothing. Simonet-Gallego,
Zonal 1998 (0-1, 26).}) 13. Rad1 Qe7 14. Bf2 {So far we have been following
Kopiylov-Sisabaev, Capital of Siberia (!) Open 2002, which was drawn in 29
after 14...a6. There is a point to this move that we will see shortly.} Be6 15.
Rfe1 Qc7 16. Ncb5 $1 {This is the argument for Sisabaev's ...a6. Black is
badly embarrassed now.} Qd7 17. Nxe6 Rxe6 18. Qxd7 Nfxd7 (18... Nbxd7 {limits
Black's losses after} 19. Nc7 Rxe2 20. Rxe2 Rc8 {, but it is an unpromising
position in any event.}) 19. Nc7 {And that's that! Well, no, not actually.
Play on!} Rc6 20. Nxa8 Bxb2 {Black hangs all of his hopes on the c-pawn.} 21.
Rd5 (21. Bxa7 {looks like a clean win, since} Ra6 $2 {fails to} 22. Bxb8 Nxb8
23. Rd8+ $18) 21... c3 22. Bd4 Ba3 23. Bb5 c2 $1 {This pawn is Black's only
hope, so he willingly tosses another exchange in order to keep it alive.} 24.
Bxc6 bxc6 25. Ra5 Bb4 26. Rc1 $6 {Though White is still winning after this
move, he is gradually losing his grip on the game.} ({The right idea is} 26.
Re8+ Nf8 27. Be3 {giving back some material in order to eliminate Black's
threat.} Bxa5 28. Rxb8 Bc3 $5 29. Kf1 $1 ({Not} 29. Rc8 $4 Bd4 $3 30. Rxc6
c1=Q+ $1 31. Rxc1 Bxe3+ $19) 29... Bd4 30. Bh6 Bg7 31. Bc1 {and White extracts
his knight and wins easily.}) 26... Bxa5 27. Bxa7 Na6 28. Rxc2 {At last the
menacing pawn is gone! You can almost feel White's relief. But before you
write Black off as lost, ask yourself how White is going to get the knight out
of the corner.} Nb4 29. Re2 Kf8 30. g3 c5 {What's this -- another c-pawn?} 31.
a3 Nd3 32. Rc2 Ke7 33. Kf1 Kd6 34. Ke2 N3e5 35. Rb2 Kc6 36. Bb8 c4 {The new
c-pawn is growing increasingly dangerous.} 37. Bxe5 Nxe5 38. f4 $2 (38. Rb8 c3
39. Rc8+ Kb7 40. Rc5 Nc6) 38... c3 39. Rb1 $2 ({Rooks really do belong behind
passed pawns, and here White could have put that principle to use with} 39. Rb8
Nc4 40. Kd1 Nxa3 41. Kc1 {when the king, not the rook, is the blockader. In
fact, it is difficult for either player to make progress now: perhaps the
position is drawn?!}) 39... Nc4 $1 40. Kd1 $2 c2+ $1 (40... c2+ {It's all
about that knight in the corner! White is lost after} 41. Kxc2 Nxa3+ 42. Kc1
Nxb1 43. Kxb1 Kb7 {An almost miraculous save by Manis, and a very unfortunate
loss for Robert.}) 0-1

[Event "Motor City Open"]
[Site "Warren, MI"]
[Date "2002.12.01"]
[Round "7.13"]
[White "Montgomery, Deaundray"]
[Black "Mazuchowski, Tom"]
[Result "0-1"]
[WhiteElo "1482"]
[BlackElo "2000"]
[PlyCount "78"]
[EventDate "2002.11.29"]

1. d4 Nf6 2. c4 e5 3. dxe5 Ne4 4. Nf3 Bb4+ 5. Nbd2 Nc6 6. a3 Nxd2 7. Bxd2 Bxd2+
8. Qxd2 Qe7 9. Qc3 b6 10. g3 Bb7 11. e4 O-O-O 12. Bg2 Rhe8 13. O-O Nxe5 14.
Nxe5 Qxe5 15. Qxe5 Rxe5 16. Rad1 Bxe4 17. Rfe1 Rde8 18. f4 R5e7 19. Bxe4 Rxe4
20. Kf2 c6 21. Rxe4 Rxe4 22. b3 Kc7 23. Kf3 f5 24. g4 g5 25. fxg5 Rxg4 26. Re1
Rxg5 27. Kf4 Rh5 28. Re2 a5 29. b4 axb4 30. axb4 Rh4+ 31. Kxf5 Rxc4 32. Kg5
Rxb4 33. h4 Rb1 34. Rh2 Re1 35. Kh6 Re7 36. Rg2 b5 37. h5 b4 38. Kg5 Rg7+ 39.
Kh6 Rxg2 0-1

[Event "Motor City Open"]
[Site "Warren, MI"]
[Date "2002.12.01"]
[Round "6.7"]
[White "Mazuchowski, Tom"]
[Black "Kahn, Aaron"]
[Result "0-1"]
[WhiteElo "2000"]
[BlackElo "1858"]
[PlyCount "76"]
[EventDate "2002.11.29"]

1. f4 d5 2. Nf3 Nf6 3. e3 c5 4. b3 g6 5. Bb2 Bg7 6. Be2 Nc6 7. O-O O-O 8. Ne5
Qc7 9. Bf3 Rd8 10. Nxc6 bxc6 11. Be5 Qd7 12. Qe2 a5 13. d3 a4 14. Nd2 Ba6 15.
bxa4 c4 16. dxc4 dxc4 17. Rfd1 c3 18. Nc4 Qe6 19. Qe1 Qxc4 20. Qxc3 Qxc3 21.
Bxc3 Nd5 22. Bxg7 Kxg7 23. Kf2 f5 24. Rd4 e6 25. Rad1 Rdb8 26. Kg3 Rb2 27. c4
c5 28. cxd5 cxd4 29. dxe6 Re8 30. Rxd4 Rxe6 31. Rd7+ Kh6 32. Bd5 Rxe3+ 33. Kh4
Rb4 34. g3 g5+ 35. Kh3 Bf1+ 36. Bg2 g4+ 37. Kh4 Bxg2 38. Rd6+ Kg7 0-1

[Event "Motor City Open"]
[Site "Warren, MI"]
[Date "2002.12.01"]
[Round "7.6"]
[White "Matyszewski, Krzysztof"]
[Black "O'Donnell, Robert"]
[Result "1/2-1/2"]
[WhiteElo "1709"]
[BlackElo "2165"]
[PlyCount "94"]
[EventDate "2002.11.29"]

1. e4 c5 2. Nc3 Nc6 3. g3 g6 4. Bg2 Bg7 5. Nge2 d6 6. O-O e6 7. d3 Nge7 8. Bg5
f6 9. Be3 O-O 10. Qd2 Rf7 11. d4 cxd4 12. Nxd4 Ne5 13. Qe2 N7c6 14. Nb3 Rd7 15.
f4 Nf7 16. Rad1 Qe7 17. Bh3 Rd8 18. Bg2 Bd7 19. Nd4 Nxd4 20. Bxd4 Bc6 21. Bh3
b6 22. Rfe1 Re8 23. Qc4 Rac8 24. Qb3 Kh8 25. Nd5 Qd8 26. Nb4 Bd7 27. Bg2 Qc7
28. Rd3 a5 29. Rc3 Qd8 30. Na6 b5 31. Bf1 b4 32. Rxc8 Qxc8 33. c3 bxc3 34. Bxc3
Qc6 35. Bxa5 Ra8 36. Bc3 Rxa6 37. Bxa6 Qxa6 38. Rc1 Qa7+ 39. Kf1 Kg8 40. a3 g5
41. Bd2 Qd4 42. Rc7 Qxd2 43. Rxd7 gxf4 44. Qxe6 Qd1+ 45. Kf2 Qd2+ 46. Kg1 Qe1+
47. Kg2 Qe2+ 1/2-1/2

[Event "Motor City Open"]
[Site "Warren, MI"]
[Date "2002.12.01"]
[Round "6.1"]
[White "Levi, Ariel"]
[Black "Finegold, Ben"]
[Result "0-1"]
[WhiteElo "2169"]
[BlackElo "2643"]
[PlyCount "88"]
[EventDate "2002.11.29"]

1. c4 b6 2. Nc3 Bb7 3. e4 e6 4. Nge2 c5 5. g3 d6 6. Bg2 g6 7. O-O Bg7 8. d4
cxd4 9. Nxd4 a6 10. Nde2 Nc6 11. Be3 Nf6 12. h3 O-O 13. Qd2 Na5 14. b3 b5 15.
Rad1 bxc4 16. Qxd6 Qxd6 17. Rxd6 Rfc8 18. b4 Nc6 19. a3 Bf8 20. Rd2 Ne5 21. Bd4
Nfd7 22. Nc1 a5 23. Rb2 axb4 24. axb4 Nc6 25. Be3 Nxb4 26. N1e2 Ne5 27. Nf4 Bc6
28. Rd1 Nbd3 29. Nxd3 cxd3 30. Rb6 Rab8 31. Rxb8 Rxb8 32. Bf4 Bg7 33. Bxe5 Bxe5
34. Rxd3 Rb3 35. Rd8+ Kg7 36. Ne2 Rb1+ 37. Kh2 Rb2 38. Nf4 Rxf2 39. Nd3 Re2 40.
Nxe5 Bxe4 41. h4 Rxg2+ 42. Kh3 Re2 43. Rd7 Bf5+ 44. Ng4 Re4 0-1

[Event "Motor City Open"]
[Site "Warren, MI"]
[Date "2002.12.01"]
[Round "7.10"]
[White "Kvatadze, David"]
[Black "Li, Wei"]
[Result "1-0"]
[WhiteElo "1918"]
[BlackElo "1531"]
[PlyCount "103"]
[EventDate "2002.11.29"]

1. d3 d5 2. Nf3 Nc6 3. Nbd2 Nf6 4. e4 e6 5. Be2 b6 6. c3 Bb7 7. Qc2 Bd6 8. O-O
O-O 9. b4 dxe4 10. dxe4 Ne5 11. Nxe5 Bxe5 12. f4 Bd4+ 13. cxd4 Qxd4+ 14. Kh1
Qxa1 15. Bb2 Qxf1+ 16. Bxf1 Rac8 17. f5 Ng4 18. Be2 exf5 19. Qc3 f6 20. Bxg4
fxg4 21. e5 fxe5 22. Qc4+ Kh8 23. Qxg4 Rce8 24. Qg3 Rf5 25. Nf3 Re7 26. h3 e4
27. Nh4 Rf1+ 28. Kh2 e3 29. Ng6+ hxg6 30. Qh4+ Kg8 31. Qxe7 Rf7 32. Qxe3 Kh7
33. Qe5 Rd7 34. Bc3 Rf7 35. a4 a6 36. g4 Rf2+ 37. Kg3 Rf3+ 38. Kh4 Rf7 39. Kg5
Rd7 40. Kh4 Rf7 41. Qe8 Bd5 42. Be5 b5 43. axb5 axb5 44. Kg5 c6 45. h4 Bc4 46.
Qxc6 Re7 47. Qxg6+ Kg8 48. Qe4 Re6 49. h5 Kf7 50. Kf4 Kg8 51. g5 Kf7 52. g6+
1-0

[Event "Motor City Open"]
[Site "Warren, MI"]
[Date "2002.12.01"]
[Round "6.17"]
[White "Kaminski, Trajce"]
[Black "Samuel, Roland"]
[Result "0-1"]
[WhiteElo "1800"]
[BlackElo "1339"]
[PlyCount "73"]
[EventDate "2002.11.29"]

1. Nf3 Nf6 2. d4 g6 3. c4 Bg7 4. Nc3 O-O 5. e4 d6 6. Bg5 Nc6 7. h3 e5 8. d5 Ne7
9. Qd2 Nd7 10. Bh6 a5 11. Bd3 Nc5 12. Bc2 f5 13. Bxg7 Kxg7 14. exf5 gxf5 15.
Qg5+ Ng6 16. h4 Qxg5 17. hxg5 f4 18. Kd2 Bf5 19. Rae1 Bxc2 20. Kxc2 Rae8 21.
Ne4 Nxe4 22. Rxe4 Nh8 23. Rh6 Nf7 24. Rf6 h6 25. Rf5 Nxg5 26. Rxf8 Rxf8 27.
Nxg5 hxg5 28. f3 Kg6 29. a3 Kf5 30. b4 Ra8 31. Kb3 g4 32. c5 gxf3 33. gxf3 Rg8
34. Rc4 Rg3 35. Rc3 e4 36. fxe4+ Kxe4 37. c6 0-1

[Event "Motor City Open"]
[Site "Warren, MI"]
[Date "2002.12.01"]
[Round "6.24"]
[White "Johnson, Will"]
[Black "Holden, Anthony"]
[Result "0-1"]
[WhiteElo "557"]
[BlackElo "1483"]
[PlyCount "94"]
[EventDate "2002.11.29"]

1. d4 d5 2. e3 Bf5 3. Bd3 Bg6 4. Bxg6 fxg6 5. Qd3 Qd7 6. Nc3 Nf6 7. e4 dxe4 8.
Nxe4 Nc6 9. Nxf6+ gxf6 10. a3 Nxd4 11. Ne2 O-O-O 12. Be3 Nxe2 13. Qxe2 Qd5 14.
O-O Qc6 15. Rad1 Bg7 16. Rxd8+ Rxd8 17. Rd1 f5 18. Rxd8+ Kxd8 19. Bg5 Qd6 20.
h3 Bxb2 21. Qe3 Bd4 22. Qd3 Bb6 23. Qxd6+ cxd6 24. Kf1 a5 25. a4 Kd7 26. f3 Bd8
27. g4 e6 28. Bxd8 Kxd8 29. Kg2 b5 30. gxf5 exf5 31. axb5 a4 32. b6 Kd7 33. c4
a3 34. b7 Kc7 35. c5 dxc5 36. b8=Q+ Kxb8 37. h4 Kc7 38. f4 Kd6 39. h5 a2 40.
hxg6 a1=Q 41. gxh7 Qg7+ 42. Kf3 Qxh7 43. Ke3 Qh3+ 44. Kf2 Kd5 45. Ke2 Kd4 46.
Kd2 Qg2+ 47. Ke1 Kd3 0-1